000 00441nam a2200181Ia 4500
001 13575
005 20260306164811.0
008 260306t2007||||xx |||||||||||||| ||spa||
041 _aESP
082 _a004.678
_bN15
100 _aNafría, Ismael
_eAUT
245 0 _aWeb 2.0:
_bel usuario, el nuevo rey de internet
260 _c2007
300 _a370 páginas :
_c21 cm.
650 _aGEN
654 _aCCC
942 _cLIB
_dJUS
_fJUS
_2ddc
_n
999 _c13575
_d13575